000 00539cam a2200145 4500500
005 20260322014837.0
041 _afre
042 _adc
100 1 0 _aBarberis, Pierre
_eauthor
700 1 0 _aBirat, Jean-Pierre
_eauthor
700 1 0 _aChampion, Yannick
_eauthor
245 0 0 _aPropriétés et usages des aciers et des fontes
260 _bTechniques de l'ingénieur,
_c2025.
856 4 1 _uhttps://stm.cairn.info/techniques-de-l-ingenieur-proprietes-et-usages-des-aciers-et-des-fontes--42349210?lang=fr&redirect-ssocas=7080
999 _c1791748
_d1791748